| 000 | 01281nam a22002897a 4500 | ||
|---|---|---|---|
| 003 | OSt | ||
| 005 | 20230201084951.0 | ||
| 007 | cr ||||||a|c|a | ||
| 008 | 230127s2021 mx a|||fom||| 001 0 spa d | ||
| 040 | _erda | ||
| 100 | 1 |
_9185989 _aGarcía Zuñiga, Sabina Victoria |
|
| 245 | 1 |
_aTradición culinaria en la dieta diaria y ceremonial de la Comunidad de Santa Catarina Estetla, Oaxaca / _cpor Sabina Victoria García Zuñiga; director de tesis Mazcorro Velarde Elvira. |
|
| 264 | 1 |
_aChapingo, México : _bEl autor, _c2021. |
|
| 300 |
_a1 recurso en línea (110 páginas). _bgráficas, imágenes. |
||
| 336 |
_2rdacontent _atexto _btxt |
||
| 337 |
_2rdamedia _acomputadora _bc |
||
| 338 |
_2rdacarrier _arecurso en línea _bcr |
||
| 502 |
_bMCSR _cSociología _d2021. _gMAE |
||
| 504 | _aIncluye referencias bibliográficas: páginas 41-45, 74-75. | ||
| 650 | 4 |
_94192 _aAlimentos _xConsumo _xOaxaca |
|
| 650 | 4 |
_9127694 _aRitos y ceremonias _zOaxaca |
|
| 650 | 4 |
_9186136 _aCocina _zOaxaca _xAspectos sociales |
|
| 650 | 4 |
_957648 _aIndios de Oaxaca _xCultura |
|
| 700 | 1 |
_973316 _aMazcorro Velarde, Elvira _eDirector de tesis. |
|
| 856 |
_uhttp://10.13.5.2/tesis/tm/2021_SR_Garcia_Zuniga_SabinaVictoria.pdf _zDESCARGAR PDF |
||
| 942 |
_2Clasificación Universidad Autónoma Chapingo _cTD |
||
| 999 |
_c218175 _d218175 |
||